Responses for Show #4500 - Friday, March 12, 2004

Contestants

[<< previous game]

Pat Harder, a teacher from Germantown, Tennessee

Ellie O'Donnell, a systems analyst from Bloomington, Illinois

Bobby Goldstein, a database administrator from Arlington, Massachusetts (whose 3-day cash winnings total $42,200)

[next game >>]

Jeopardy! Round responses

EUROPEAN GEOGRAPHY
STOCK SYMBOLS
MOVIE PREQUELS & SEQUELS
WORD PUZZLES
HAVE YOU 8?
YES, I'VE ETON
    $200 7
the Riviera

Ellie
    $200 12
J.C. Penney

Ellie
    $200 6
Lara Croft

Bobby
    $200 1
Robin Hood

Bobby
    $200 21
Hawaii

Bobby
    $200 26
(Ian) Fleming

Ellie
    $400 8
Yugoslavia

Bobby
    $400 13
Tiffany

Bobby
    $400 17
Dumb and Dumberer

Pat
    $400 2
grinning from ear to ear

Ellie
    $400 22
octopus

Ellie
    $400 27
(Aldous) Huxley

Ellie
    $600 9
the Iberian Peninsula

Bobby
    $600 14
International House of Pancakes

Pat
    $600 18
Red Dragon

Pat
    $600 3
cement overshoes

Bobby
    $600 23
pawns

Bobby
    $600 28
Chicago

Ellie
    $1,000 10
Sardinia

Bobby
    $800 15
Walgreens

Bobby
    $800 19
The Phantom Menace or Attack of the Clones

Bobby
    $800 4
sign on the dotted line

Pat
    $800 24
figure 8

Ellie
    $800 29
Georgia

Bobby
    $1000 11
Jutland

Ellie
    $1000 16
Halliburton

Bobby
    $1000 20
Apollo Creed

Bobby
    $1000 5
(Bobby: What is year after year?)

year in year out

Bobby
Triple Stumper
    $1000 25
electrons

Bobby
    $1000 30
(Bobby: Who is William Pitt the Elder?)

Robert Walpole

Bobby
Triple Stumper

Scores at the first commercial break (after clue 16):

Bobby Ellie Pat
$4,200 $1,800 $1,400

Scores at the end of the Jeopardy! Round:

Bobby Ellie Pat
$7,600 $4,200 $2,400

Double Jeopardy! Round responses

16th CENTURY AMERICA
OLD SWEET SONGS
LITERARY TRANSLATIONS
BORN & DIED
THEY EAT THAT?
"O" YES!
    $400 16
Alabama

Bobby
    $400 14
(Pat: Who is Maybelline?)

"Sweet Little Sixteen"

Pat
Triple Stumper
    $400 2
All Quiet on the Western Front

Ellie
    $400 8
Christopher Columbus

Bobby
    $400 21
eel

Ellie
    $400 1
overdose

Bobby
    $800 17
California

Triple Stumper
    $800 15
"Honey"

Triple Stumper
    $800 3
Foucault's Pendulum

Pat
    $800 9
(Ernest) Hemingway

Bobby
    $800 22
curry powder

Triple Stumper
    $800 4
the Houston Oilers

Bobby
    $1200 18
(Bobby: What is El Dorado?)
(Pat: What is God?)

Cibola

BobbyPat
Triple Stumper
    $1200 28
sweet nothings

Bobby
    $1200 5
The Frogs

Bobby
    $1200 10
(Albert) Einstein

Ellie
    $1200 23
(Bobby: What is egg drop soup?)

bird's nest soup

Bobby
Triple Stumper
    $1200 13
(Pat: What are periodontics?)

orthodontics

BobbyPat
    $1600 19
(Alex: Not only are the clues tough, the category is getting tough to pronounce!)

Parris Island

Bobby
    $1600 29
"Sweet Talkin' Guy"

Triple Stumper
    $2,000 6
(Bobby: What is "Twenty Thousand Leagues Beneath the Sea?")

Twenty Thousand Leagues Under the Sea

Bobby
    $1,600 11
Monet

Ellie
    $1600 24
(Alex: You know it & enjoy it as just plain old [*]!)

tripe

Triple Stumper
    $1600 26
the Olmecs

Bobby
    $2000 20
Verrazano

Triple Stumper
    $2000 30
"Sugar Town"

Triple Stumper
    $2000 7
Of Love and Shadows

Triple Stumper
    $2000 12
Benedict Arnold

Triple Stumper
    $2000 25
Vegemite

Ellie
    $2000 27
Our American Cousin

Pat

Scores at the end of the Double Jeopardy! Round:

Bobby Ellie Pat
$12,800 $9,800 $2,400

[wagering suggestions for these scores]

Final Jeopardy! Round responses

MYTHOLOGY
(Alex: The goddess of victory.)
PatWho is Nike?
$0
EllieWho is Athena?
$0
BobbyWho is Athena?
$7,200
Nike

Final scores:

Bobby Ellie Pat
$5,600 $9,800 $2,400
2nd place: $2,000 New champion: $9,800 3rd place: $1,000

Game dynamics:

Coryat scores:

Bobby Ellie Pat
$14,600 $9,800 $2,400
25 R
(including 1 DD),
5 W
(including 1 DD)
14 R
(including 1 DD),
0 W
6 R,
3 W

Combined Coryat: $26,800

[game clues] [game scores] [suggest correction]

Game tape date: 2003-12-09
The J! Archive is created by fans, for fans. Scraping, republication, monetization, and malicious use prohibited; this site may use cookies and collect identifying information. See terms. The Jeopardy! game show and all elements thereof, including but not limited to copyright and trademark thereto, are the property of Jeopardy Productions, Inc. and are protected under law. This website is not affiliated with, sponsored by, or operated by Jeopardy Productions, Inc. Join the discussion at JBoard.tv.